000 01163nam a2200277 i 4500
001 43875
003 ES-MaACL
005 20240529163534.0
007 t|
008 030320s1838 sp ||||1| spa d
080 _a622(464.3)
080 _a622.349.9(460.354 Almadén)
100 1 _aCavanillas, Rafael.
_937158
245 1 0 _aMemoria sobre las minas de Almadén /
_cpor Rafael Cavanillas.
260 _aMadrid :
_b[s.n.],
_c1838 (
_fImp. del Colegio Nacional de Sordomudos y Ciegos)
300 _a51 p. ;
_c19 cm.
530 _aDisponible en formato digital.
650 _aMinas-
_zAlmadén.
_9136500
650 _aMinas de mercurio-
_zAlmadén.
_9167428
852 4 _aES-MaACL
_jFOLL-Laf-573
_cDEPOF
_fSello en tinta en portada: "Ateneo de Madrid. Legado M. de la Fuente"
_fSello en tinta en portada: "Ateneo de Madrid. Biblioteca"
_hLegado: M. de la Fuente
_945512
856 4 _uhttp://bdh-rd.bne.es/viewer.vm?id=0000052526&page=1
_yVersión en línea
_zBiblioteca Digital Hispánica
903 _969535
_aLafuente, Modesto,
_d1806-1866
_ednr
_q1
942 _2udc
_cFOLLETOS
999 _c43875
_d43875